[Event "Staufer op 24th"]
[Site "Schwaebisch Gmuend"]
[Date "2012.01.02"]
[Round "1"]
[White "Miezis, Normunds"]
[Black "Thomanek, Manuel"]
[Result "1-0"]
[WhiteElo "2544"]
[BlackElo "1910"]
[PlyCount "61"]
[EventDate "2012.01.02"]
[EventType "swiss"]
[EventRounds "9"]
[EventCountry "GER"]
[SourceTitle "CBM 146 Extra"]
[Source "ChessBase"]
[SourceDate "2012.02.29"]
[SourceVersion "1"]
[SourceVersionDate "2012.02.29"]
[SourceQuality "1"]

1. c4 g5 2. d4 Bg7 3. Nc3 c5 4. d5 h6 5. d6 Bxc3+ 6. bxc3 Nf6 7. f3 Qa5 8. Qd3 exd6 9. h4 g4 10. Bf4 Nc6 11. Bxd6 Kd8 12. e4 Re8 13. Ne2 Re6 14. Kf2 Ne8 15. Bg3 Ne5 16. Bxe5 Rxe5 17. Ng3 d6 18. Be2 gxf3 19. gxf3 Bd7 20. Rhd1 Kc7 21. Rd2 Rd8 22. Rad1 Kb8 23. Qe3 f5 24. Qf4 Qxc3 25. exf5 Bc6 26. Rd3 Qb2 27. R1d2 Qa1 28. Qxh6 Qc1 29. Qg5 Rd7 30. f4 Rg7 31. Qd8# 1-0

[Event "Staufer op 21st"]
[Site "Schwaebisch Gmuend"]
[Date "2009.01.02"]
[Round "1"]
[White "Thomanek, Manuel"]
[Black "Buhmann, Rainer"]
[Result "0-1"]
[WhiteElo "1930"]
[BlackElo "2541"]
[PlyCount "34"]
[EventDate "2009.01.02"]
[EventType "swiss"]
[EventRounds "9"]
[EventCountry "GER"]
[SourceTitle "CBM 128 Extra"]
[Source "ChessBase"]
[SourceDate "2009.03.05"]
[SourceVersion "2"]
[SourceVersionDate "2009.03.25"]
[SourceQuality "1"]

1. g4 d5 2. Bg2 c6 3. c4 dxc4 4. Na3 Bxg4 5. Nxc4 Be6 6. Qc2 Nf6 7. Nf3 Bxc4 8. Qxc4 e6 9. d4 Qd5 10. Qd3 Bb4+ 11. Kf1 Nbd7 12. Bf4 Qf5 13. Qxf5 exf5 14. a3 Be7 15. Ne5 Rd8 16. Rb1 Nh5 17. Bc1 Nxe5 0-1